000 00520nam a2200169Ia 4500
008 180921t2021 xxu||||| |||| 00| 1 sin d
041 _asin
080 _aX8සි31
_bපෙරේරා
100 _aපෙරේරා, ජයන්තිමාලා
245 _aඅබුද්දස්ස
246 _aAbuddassa
260 _bශාජය ප්‍රකාශන
_aමොරටුව
_c2021
300 _aපි.207, සෙ.මි.21
942 _cBK
999 _c9234
_d9234
003 LK-CoDNM
040 _aLK-CoDNM
_dLK-CoDNM
_eLK-CoDNM